| 000 | 00377nam a22001337a 4500 | ||
|---|---|---|---|
| 005 | 20260323120656.0 | ||
| 008 | 260323b |||||||| |||| 00| 0 eng d | ||
| 040 | _cFLL | ||
| 041 |
_2eng _aeng |
||
| 100 |
_aJaiswal, Trishla _91137581 |
||
| 245 | _aRe- Evaluation the Definition of Force Under Art.2(4), UN Charter | ||
| 260 |
_aDU _bFaculty of Law _c2022 |
||
| 942 |
_2CC _cDIS |
||
| 999 |
_c1726383 _d1726383 |
||